Hidden Slaves: forced labor in the united states (Record no. 30798)

MARC details
000 -LEADER
fixed length control field 00409nam a2200157Ia 4500
020 ## - INTERNATIONAL STANDARD BOOK NUMBER
ISBN 0- 9760677- 0- 6
050 ## - CALL MARK
Classification number HD875.U5H53
100 ## - STATEMENT OF RESPONSIBILITY--MAIN AUTHOR NAME
Personal name Free the slaves Washington, D. C.
245 #0 - TITLE STATEMENT
Title Hidden Slaves: forced labor in the united states
260 ## - PUBLICATION, DISTRIBUTION, ETC. (IMPRINT)
Name of publisher Human right center
260 ## - PUBLICATION, DISTRIBUTION, ETC. (IMPRINT)
Year of publication 2004
300 ## - PHYSICAL DESCRIPTION
Number of Pages 66 p
942 ## - ADDED ENTRY ELEMENTS (KOHA)
Koha item type Books
Holdings
Withdrawn status Lost status Source of classification or shelving scheme Damaged status Not for loan Permanent Location Current Location Date acquired Accession Number Price effective from Koha item type
    Library of Congress Classification     NILE UNIVERSITY OF NIGERIA - MAIN LIBRARY NILE UNIVERSITY OF NIGERIA - MAIN LIBRARY 04/23/2025 0003397 04/23/2025 Books